000 01249nam a2200325Ia 4500
001 ebr10085420
003 CaPaEBR
006 m u
007 cr cn|||||||||
008 971027s1998 nyu sbk 001 0 eng d
010 _z 97032610
020 _z0195118332
020 _z0195125649 (pbk.)
040 _aCaPaEBR
_cCaPaEBR
035 _a(OCoLC)191935537
050 1 4 _aML3534
_b.C38 1998eb
082 0 4 _a782.42166/092
_221
100 1 _aCavicchi, Daniel.
245 1 0 _aTramps like us
_h[electronic resource] :
_bmusic & meaning among Springsteen fans /
_cDaniel Cavicchi.
260 _aNew York :
_bOxford University Press,
_c1998.
300 _axiii, 222 p.
504 _aDiscography: p. 199-200.
504 _aIncludes bibliographical references (p. 205-215) and index.
533 _aElectronic reproduction.
_bPalo Alto, Calif. :
_cebrary,
_d2009.
_nAvailable via World Wide Web.
_nAccess may be limited to ebrary affiliated libraries.
600 1 0 _aSpringsteen, Bruce
_xAppreciation.
650 0 _aRock music fans.
655 7 _aElectronic books.
_2local
710 2 _aebrary, Inc.
856 4 0 _uhttp://site.ebrary.com/lib/rucke/Doc?id=10085420
_zAn electronic book accessible through the World Wide Web; click to view
999 _c164452
_d164452